অ্যাম্পেয়ার অব দ্য মোগল: (Record no. 11862)
[ view plain ]
| 000 -LEADER | |
|---|---|
| fixed length control field | 00945nam a2200253 a 4500 |
| 001 - CONTROL NUMBER | |
| JCCL Control Number | 11862 |
| 003 - CONTROL NUMBER IDENTIFIER | |
| JCCL marc code | BD-JhCC |
| 005 - DATE AND TIME OF LATEST TRANSACTION | |
| control field | 20201122120855.0 |
| 008 - FIXED-LENGTH DATA ELEMENTS--GENERAL INFORMATION | |
| fixed length control field | 201122b20122016bg |||| ||a| 000 0 ben d |
| 020 ## - INTERNATIONAL STANDARD BOOK NUMBER | |
| International Standard Book Number | 9789848975671 |
| 035 ## - SYSTEM CONTROL NUMBER | |
| system control number | (BD-JhCC)11862 |
| 040 ## - CATALOGING SOURCE | |
| Original cataloging agency | BD-JhCC |
| Modifying agency | BD-JhCC |
| 041 ## - LANGUAGE CODE | |
| Language code of Book | ben |
| 082 ## - DEWEY DECIMAL CLASSIFICATION NUMBER | |
| Classification number | 954.025709 |
| Author mark and Year | RUT 2016 |
| 100 ## - MAIN ENTRY--PERSONAL NAME | |
| Personal name | রাদারফোর্ড, অ্যালেক্স |
| 245 ## - TITLE STATEMENT | |
| Title | অ্যাম্পেয়ার অব দ্য মোগল: |
| Remainder of title | ব্রাদার্স অ্যাট ওয়ার / |
| Statement of responsibility, etc | অনুবাদ: সাদেকুল আহসান কল্লোল । |
| 260 ## - PUBLICATION, DISTRIBUTION, ETC. (IMPRINT) | |
| Place of publication, distribution, etc | ঢাকা: |
| Name of publisher, distributor, etc | রোদেলা; |
| Date of publication, distribution, etc | ২০১৬. |
| 300 ## - PHYSICAL DESCRIPTION | |
| Pagination | 503 p. : |
| Dimensions | 22 cm. |
| 600 ## - SUBJECT ADDED ENTRY--PERSONAL NAME | |
| Personal name | Alex Rutherford. |
| 651 ## - SUBJECT ADDED ENTRY--GEOGRAPHIC NAME | |
| Geographic name | India--Mogul Empire |
| General subdivision | Kings and rulers |
| 700 ## - ADDED ENTRY--PERSONAL NAME | |
| Personal name | কল্লোল, সাদেকুল আহসান |
| 942 ## - ADDED ENTRY ELEMENTS (KOHA) | |
| Source of classification or shelving scheme | Dewey Decimal Classification |
| Koha item type | Books |
| Koha issues (borrowed), all copies | 2 |
| Source of classification or shelving scheme | Damaged status | Not for loan | Home library | Current library | Shelving location | Date of accession | Source of acquisition | Cost, normal purchase price | Total Checkouts | Full call number | Barcode | Checked out | Date last seen | Date checked out | Copy number | Koha item type |
|---|---|---|---|---|---|---|---|---|---|---|---|---|---|---|---|---|
| Dewey Decimal Classification | JCC Rouf Library | JCC Rouf Library | General Stacks | 11/22/2020 | Lt. Gen. Mahfuzur Rahman (10th intake) | 375.00 | 3 | 954.025709 RUT 2016 | 16390 | 08/10/2025 | 07/16/2025 | 07/16/2025 | C-1 | Books |